<?xml version="1.0" encoding="UTF-8"?>
<record
    xmlns:xsi="http://www.w3.org/2001/XMLSchema-instance"
    xsi:schemaLocation="http://www.loc.gov/MARC21/slim http://www.loc.gov/standards/marcxml/schema/MARC21slim.xsd"
    xmlns="http://www.loc.gov/MARC21/slim">

  <leader>01819cam a22003015a 4500</leader>
  <controlfield tag="001">017901453</controlfield>
  <controlfield tag="003">OSt</controlfield>
  <controlfield tag="005">20171228124756.0</controlfield>
  <controlfield tag="008">160629s2017    enka   frb    001 0 eng d</controlfield>
  <datafield tag="020" ind1=" " ind2=" ">
    <subfield code="a">9781137606495</subfield>
  </datafield>
  <datafield tag="040" ind1=" " ind2=" ">
    <subfield code="a">Uk</subfield>
    <subfield code="b">eng</subfield>
    <subfield code="c">Uk</subfield>
    <subfield code="d">EG-ScBUE</subfield>
  </datafield>
  <datafield tag="082" ind1="0" ind2="4">
    <subfield code="a">346.42022</subfield>
    <subfield code="b">MCK</subfield>
    <subfield code="2">22</subfield>
  </datafield>
  <datafield tag="100" ind1="1" ind2=" ">
    <subfield code="a">McKendrick, Ewan.</subfield>
    <subfield code="9">39358</subfield>
  </datafield>
  <datafield tag="245" ind1="1" ind2="0">
    <subfield code="a">Contract law /</subfield>
    <subfield code="c">Ewan McKendrick.</subfield>
  </datafield>
  <datafield tag="250" ind1=" " ind2=" ">
    <subfield code="a">11th ed.</subfield>
  </datafield>
  <datafield tag="260" ind1=" " ind2=" ">
    <subfield code="a">London :</subfield>
    <subfield code="b">Palgrave / Macmillan Publishers,</subfield>
    <subfield code="c">2017.</subfield>
  </datafield>
  <datafield tag="300" ind1=" " ind2=" ">
    <subfield code="a">xxxiv, 434 p. :</subfield>
    <subfield code="b">ill. ;</subfield>
    <subfield code="c">24 cm.</subfield>
  </datafield>
  <datafield tag="490" ind1="0" ind2=" ">
    <subfield code="a">Palgrave law masters</subfield>
  </datafield>
  <datafield tag="504" ind1=" " ind2=" ">
    <subfield code="a">Includes bibliographical references and index.</subfield>
  </datafield>
  <datafield tag="505" ind1="0" ind2=" ">
    <subfield code="a">1. Introduction&lt;BR&gt;PART I: THE FORMATION AND SCOPE OF A CONTRACT&lt;BR&gt;2. Agreement: Clearing the Ground&lt;BR&gt;3. Offer and Acceptance&lt;BR&gt;4. Certainty and Agreement Mistakes&lt;BR&gt;5. Consideration and Form&lt;BR&gt;6. Intention to Create Legal Relations&lt;BR&gt;7. Third Party Rights&lt;BR&gt;PART II: THE CONTENT OF A CONTRACT&lt;BR&gt;8. What is a Term?&lt;BR&gt;9. The Sources of Contractual Terms&lt;BR&gt;10. The Classification of Contractual Terms&lt;BR&gt;11. Exclusion Clauses&lt;BR&gt;PART III: POLICING THE CONTRACT&lt;BR&gt;12. A Duty to Disclose Material Facts?&lt;BR&gt;13. Misrepresentation&lt;BR&gt;14. Common Mistake and Frustration&lt;BR&gt;15. Illegality&lt;BR&gt;16. Capacity&lt;BR&gt;17. Duress, Undue Influence and Inequality of Bargaining Power&lt;BR&gt;18. Unfair Terms in Consumer Contracts&lt;BR&gt;PART IV: PERFORMANCE, DISCHARGE AND REMEDIES FOR BREACH OF CONTRACT&lt;BR&gt;19. Performance and Discharge of the Contract&lt;BR&gt;20. Breach of Contract&lt;BR&gt;21. Damages for Breach of Contract&lt;BR&gt;22. Obtaining an Adequate Remedy&lt;BR&gt;&lt;BR&gt;</subfield>
  </datafield>
  <datafield tag="650" ind1=" " ind2="7">
    <subfield code="a">Contracts.</subfield>
    <subfield code="2">BUEsh</subfield>
  </datafield>
  <datafield tag="650" ind1=" " ind2="7">
    <subfield code="a">Contracts</subfield>
    <subfield code="z">England.</subfield>
    <subfield code="2">BUEsh</subfield>
    <subfield code="9">23175</subfield>
  </datafield>
  <datafield tag="650" ind1=" " ind2="7">
    <subfield code="a">Contracts</subfield>
    <subfield code="z">Wales.</subfield>
    <subfield code="2">BUEsh</subfield>
  </datafield>
  <datafield tag="651" ind1=" " ind2=" ">
    <subfield code="2">BUEsh</subfield>
  </datafield>
  <datafield tag="653" ind1=" " ind2=" ">
    <subfield code="b">LLAAWW</subfield>
    <subfield code="c">November2017</subfield>
    <subfield code="c">December2017</subfield>
  </datafield>
  <datafield tag="655" ind1=" " ind2=" ">
    <subfield code="v">Text book</subfield>
    <subfield code="9">33728</subfield>
  </datafield>
  <datafield tag="942" ind1=" " ind2=" ">
    <subfield code="2">ddc</subfield>
  </datafield>
  <datafield tag="999" ind1=" " ind2=" ">
    <subfield code="c">25577</subfield>
    <subfield code="d">25549</subfield>
  </datafield>
  <datafield tag="952" ind1=" " ind2=" ">
    <subfield code="0">0</subfield>
    <subfield code="1">0</subfield>
    <subfield code="2">ddc</subfield>
    <subfield code="4">0</subfield>
    <subfield code="7">0</subfield>
    <subfield code="8">Baccah</subfield>
    <subfield code="a">MAIN</subfield>
    <subfield code="b">MAIN</subfield>
    <subfield code="c">1ST</subfield>
    <subfield code="d">2017-11-14</subfield>
    <subfield code="e">Purchase</subfield>
    <subfield code="l">0</subfield>
    <subfield code="o">346.42022 MCK</subfield>
    <subfield code="p">000046845</subfield>
    <subfield code="r">2025-07-15 00:00:00</subfield>
    <subfield code="y">NB</subfield>
  </datafield>
  <datafield tag="952" ind1=" " ind2=" ">
    <subfield code="0">0</subfield>
    <subfield code="1">0</subfield>
    <subfield code="2">ddc</subfield>
    <subfield code="4">0</subfield>
    <subfield code="7">0</subfield>
    <subfield code="8">Baccah</subfield>
    <subfield code="a">MAIN</subfield>
    <subfield code="b">MAIN</subfield>
    <subfield code="c">1ST</subfield>
    <subfield code="d">2017-11-14</subfield>
    <subfield code="e">Purchase</subfield>
    <subfield code="l">13</subfield>
    <subfield code="m">40</subfield>
    <subfield code="o">346.42022 MCK</subfield>
    <subfield code="p">000046846</subfield>
    <subfield code="r">2025-11-26 00:00:00</subfield>
    <subfield code="s">2024-11-13</subfield>
    <subfield code="y">BB</subfield>
  </datafield>
  <datafield tag="952" ind1=" " ind2=" ">
    <subfield code="0">0</subfield>
    <subfield code="1">0</subfield>
    <subfield code="2">ddc</subfield>
    <subfield code="4">0</subfield>
    <subfield code="7">0</subfield>
    <subfield code="8">Baccah</subfield>
    <subfield code="a">MAIN</subfield>
    <subfield code="b">MAIN</subfield>
    <subfield code="c">1ST</subfield>
    <subfield code="d">2017-11-14</subfield>
    <subfield code="e">Purchase</subfield>
    <subfield code="l">6</subfield>
    <subfield code="m">18</subfield>
    <subfield code="o">346.42022 MCK</subfield>
    <subfield code="p">000046847</subfield>
    <subfield code="r">2025-07-15 00:00:00</subfield>
    <subfield code="s">2021-11-16</subfield>
    <subfield code="y">BB</subfield>
  </datafield>
  <datafield tag="952" ind1=" " ind2=" ">
    <subfield code="0">0</subfield>
    <subfield code="1">0</subfield>
    <subfield code="2">ddc</subfield>
    <subfield code="4">0</subfield>
    <subfield code="7">0</subfield>
    <subfield code="8">Baccah</subfield>
    <subfield code="a">MAIN</subfield>
    <subfield code="b">MAIN</subfield>
    <subfield code="c">1ST</subfield>
    <subfield code="d">2017-12-28</subfield>
    <subfield code="e">Purchase</subfield>
    <subfield code="g">750.00</subfield>
    <subfield code="l">6</subfield>
    <subfield code="m">23</subfield>
    <subfield code="o">346.42022 MCK</subfield>
    <subfield code="p">000047060</subfield>
    <subfield code="r">2025-07-15 00:00:00</subfield>
    <subfield code="s">2024-03-14</subfield>
    <subfield code="y">BB</subfield>
  </datafield>
  <datafield tag="952" ind1=" " ind2=" ">
    <subfield code="0">0</subfield>
    <subfield code="1">0</subfield>
    <subfield code="2">ddc</subfield>
    <subfield code="4">0</subfield>
    <subfield code="7">0</subfield>
    <subfield code="8">Baccah</subfield>
    <subfield code="a">MAIN</subfield>
    <subfield code="b">MAIN</subfield>
    <subfield code="c">1ST</subfield>
    <subfield code="d">2017-12-28</subfield>
    <subfield code="e">Purchase</subfield>
    <subfield code="l">9</subfield>
    <subfield code="m">31</subfield>
    <subfield code="o">346.42022 MCK</subfield>
    <subfield code="p">000047061</subfield>
    <subfield code="r">2025-11-26 00:00:00</subfield>
    <subfield code="s">2025-11-19</subfield>
    <subfield code="y">BB</subfield>
  </datafield>
</record>
